000 00270nam a22001097a 4500
005 20250901165809.0
008 250320b |||||||| |||| 00| 0 eng d
245 _aNEVER SAY NEVER
_cMUGO ANTHONY
260 _aKENYA
_bLONGHORN PUBLISHERS
_c2013
300 _a161
942 _2lcc
999 _c9352
_d9352